Ústava 1920 vyvrcholení konstituování československého státu

Bibliographic Details
Main Authors: Čechurová, Jana, 1969- (Author), Šlehofer, Lukáš (Author)
Format: Book
Language:Czech
PhysicalDescription:192 s. lit., res., pozn. 18 cm
Published: Praha Leges c2011
ISBN:9788087212677
Edition:1. vyd.
Series:Teoretik
Subjects:

MARC

LEADER 00000nam a2200000 a 4500
001 vtls010273556
003 SK-MaSNL
005 20260311122007.0
008 240315s2011 xr gln 000 0 cze
015 |a SNBZSA2012-00221 
020 |a 9788087212677  |q (brož.) 
035 |a E1B59681-F5F6-479C-BA98-D68005DE29FA 
035 |a urn:nbn:sk:snk-amjho3 
035 |a urn:nbn:sk:snk-am001y0r 
040 |a SNK  |b slo  |c SNK  |e AACR2 
041 0 |a cze  |b eng 
043 |a e-cs--- 
044 |a xr  |c CZ 
072 7 |a 342  |x Ústavné právo. Správne právo  |2 konspekt 
080 |a 342.4(437)  |2 2001 
080 |a 342(437)  |2 2001 
080 |a (082)  |2 2001 
100 1 |a Čechurová, Jana,  |d 1969-  |4 aut  |9 122084 
245 1 0 |a Ústava 1920  |b vyvrcholení konstituování československého státu  |c Jana Čechurová, Lukáš Šlehofer a kol. 
250 |a 1. vyd. 
260 |a Praha  |b Leges  |c c2011 
300 |a 192 s.  |b lit., res., pozn.  |c 18 cm 
490 1 |a Teoretik 
504 |a Bibliogr. odkazy 
546 |a Angl. resumé 
650 0 7 |a ústava  |2 SNKPH  |9 2640 
650 0 7 |a ústavné právo  |2 SNKPH  |9 2256 
650 0 7 |a Constitutions  |2 SNKPHeng  |9 327631 
650 0 7 |a Constitutional law  |2 SNKPHeng  |9 99107 
651 7 |a Československo  |2 SNKPgeo  |9 21376 
651 7 |a Czechoslovakia  |2 SNKPHeng  |9 265183 
655 7 |a zborníky  |2 SNKPH  |9 70165 
700 1 |a Šlehofer, Lukáš  |4 aut  |9 327632 
830 0 |a Teoretik  |9 275685 
852 |a Štátna vedecká knižnica v Banskej Bystrici 
919 |a 978-80-87212-67-7 
958 |a ZS 
958 |a CZ 
958 |a OND 
999 |c 577160  |d 579090 
952 |a SNK  |b SNK  |y PREZ  |7 0  |p 17A0701939  |o snkSC 145219  |i snk2011/10079  |8 4  |g 11.42  |0 0  |1 0  |4 0  |d 2011-04-26  |l 0  |r 2025-07-14 00:00:00  |w 2026-02-23 
952 |a SNK  |b SNK  |y VYP  |7 0  |p 17A0720575  |o snkSC 145219 D1  |i snk2011/21002  |8 2  |g 11.40  |0 0  |1 0  |4 0  |d 2011-09-14  |f 1  |l 0  |r 2026-02-23 14:37:29  |w 2026-02-23